| 000 | 01159cab a2200289 4500 | ||
|---|---|---|---|
| 001 | ABS53689 | ||
| 008 | 090401t1995 xxu||||| |||| 00| 0 eng d | ||
| 035 | _a(Sirsi) u5931 | ||
| 041 | _aeng | ||
| 100 | _aPenton, J. | ||
| 245 | _aAccess audits for all users | ||
| 260 | _c1995 | ||
| 350 | _a0 | ||
| 490 |
_aArchitects` Journal _v202(15) 19 October 1995, 42-44(3) |
||
| 520 | _aExamines the role and value of access audits of building accessibility for people with disabilities. Supplies a typical pro-forma checklist and advises on how to use the results. | ||
| 650 | _aMANAGEMENT-BUSINESS MANAGEMENT-DISCRIMINATION-DISABILITY DISCRIMINATION-ACCESSIBILITY-ACCESS AUDITS | ||
| 650 | _aMANAGEMENT-BUSINESS MANAGEMENT-DISCRIMINATION-DISABILITY DISCRIMINATION-ACCESSIBILITY | ||
| 650 | _aBUILDING REGULATIONS PART M | ||
| 650 | _aCITIZENS CHARTER | ||
| 650 | _aDISABILITY DISCRIMINATION ACT 1995 | ||
| 650 | _aMANAGEMENT-BUSINESS MANAGEMENT-DISCRIMINATION-DISABILITY DISCRIMINATION-ACCESSIBILITY | ||
| 650 | _aDISABLED PEOPLE | ||
| 650 | _aERGONOMICS | ||
| 690 | _aBUILT ENVIRONMENT-CONSTRUCTION DESIGN | ||
| 942 | _n0 | ||
| 948 | _c04/03/1997 | ||
| 999 |
_c3553 _d3553 |
||